000 00662nam a2200133Ia 4500
008 171207s9999 xx 000 0 und d
100 _aMurray, Christine E.
245 _aSee the Triumph Healing Arts Workshops for Survivors of Intimate Partner Violence and Sexual Assault
245 _cChristine E. Murray, Kelly Moore Spencer, Jaimie Stickl & Allison Crowe
260 _c2017
300 _apages 192-202, April-June 2017
440 _aJournal of Creativity in Mental Health
_v12:2
650 _aArt, arts-based interventions, creative therapies, creativity in counseling, domestic violence, group counseling, intimate partner violence, sexual assault, trauma
999 _c347685
_d347685